| 000 | 00688nam a22002417a 4500 | ||
|---|---|---|---|
| 008 | 131126b xxu||||| |||| 00| 0 eng d | ||
| 020 | _a0-415-16275-0 | ||
| 024 | _cAvailable | ||
| 037 | _cAvailable | ||
| 040 |
_aMBSTU LIBRARY _dMBSTU LIBRARY |
||
| 082 |
_222 _a304.2 ADT |
||
| 100 | _aAdam, Barbara. | ||
| 245 | _aTimescapes of moderity. | ||
| 260 |
_aNew York _bRoutlegde. _c1998 |
||
| 300 |
_a23 cm. _b247 page _f1 _g23 cm. |
||
| 600 | _2Human ecology. | ||
| 650 | _2Human ecology. | ||
| 700 | _aAdam, Barbara. | ||
| 270 |
_aNew York _bNew York _dUSA |
||
| 365 |
_b2819.00 _d2519.00 |
||
| 942 |
_2ddc _cBK |
||
| 999 |
_c879 _d879 |
||